[Event "AUTO-ADV-4925"]
[Site "http://www.queenalice.com/game.php?id=1870676"]
[Date "2026.3.19"]
[Round "1"]
[White "marcoswerneck"]
[Black "altair"]
[Result "1-0"]
[WhiteElo "1860"]
[BlackElo "1818"]

1. e4 e5 2. d3 h6 3. a3 d6 4. h3 Nf6 5. Nc3 a6 6. Be3 Be7 7. Be2 O-O 8. g4 c6 9.
h4 d5 10. exd5 cxd5 11. d4 e4 12. g5 hxg5 13. hxg5 Nh7 14. f3 Bxg5 15. Bxg5 Nxg5
16. f4 Ne6 17. Qd2 Nc6 18. O-O-O Qf6 19. Nxd5 Qd8 20. Bc4 b5 21. Qh2 f6 22. Bb3
Kf7 23. Qh5+ g6 24. Qh7+ Ke8 25. Qxg6+ Kd7 26. Rh7+ Kd6 27. f5 Rg8 28. Qh6 Nf8
29. Qh2+ Ne5 30. dxe5+ Kc5 31. Rc7+ 1-0

[Event "AUTO-ADV-4925"]
[Site "http://www.queenalice.com/game.php?id=1870677"]
[Date "2026.3.19"]
[Round "1"]
[White "altair"]
[Black "marcoswerneck"]
[Result "0-1"]
[WhiteElo "1841"]
[BlackElo "1874"]

1. e4 e5 2. Nf3 d6 3. h3 a6 4. Be2 Nc6 5. a3 h6 6. d3 Nf6 7. Nc3 Be6 8. O-O g5
9. Na2 Qd7 10. b3 g4 11. hxg4 Nxg4 12. Nh2 Nxh2 13. Kxh2 O-O-O 14. Rh1 h5 15. c3
Bg4 16. f3 Be6 17. d4 exd4 18. cxd4 d5 19. Bg5 Re8 20. Kg1 Rg8 21. Be3 Be7 22.
Nc3 Bh3 23. Bf1 dxe4 24. Kf2 Bh4+ 25. Ke2 Bxg2 26. Rxh4 Bxf3+ 27. Kd2 Bxd1 28.
Rxd1 Nxd4 29. Kc1 Nxb3+ 30. Kc2 Qe7 31. Kxb3 Qxh4 32. Rc1 Qg3 33. Bc4 Qxe3 34.
Bxf7 Qxc1 0-1

[Event "AUTO-ADV-4925"]
[Site "http://www.queenalice.com/game.php?id=1870678"]
[Date "2026.3.19"]
[Round "1"]
[White "marcoswerneck"]
[Black "maurice916"]
[Result "1/2-1/2"]
[WhiteElo "1852"]
[BlackElo "1835"]

1. e4 c6 2. d3 d5 3. e5 c5 4. h3 e6 5. d4 cxd4 6. Qxd4 Nc6 7. Qe3 Qc7 8. Nf3
Bb4+ 9. c3 Ba5 10. Qf4 Nge7 11. Bd2 Bb6 12. Bd3 Bd7 13. Ng5 Nf5 14. Bxf5 exf5
15. O-O O-O 16. Qg3 Kh8 17. Qh4 h6 18. Bf4 Qd8 19. e6 Bxe6 20. b4 Qf6 21. Qh5
Qg6 22. Qxg6 fxg6 23. Nxe6 Rf6 24. Nd4 Nxd4 25. cxd4 Bxd4 26. Nc3 Bxc3 27. Rab1
Rc6 28. b5 Re6 29. Be3 d4 30. Bf4 g5 31. Bc7 Rc8 32. b6 axb6 33. Bxb6 Kh7 34.
Ba7 Ra6 35. Rxb7 Rxa2 36. Rd1 Ra4 37. Bb8 Ra1 38. Rxa1 Bxa1 39. Be5 Rg8 40. Rd7
Bc3 41. Bxd4 Bxd4 42. Rxd4 f4 43. Rd1 Re8 44. Kh2 Re2 45. f3 1/2-1/2

[Event "AUTO-ADV-4925"]
[Site "http://www.queenalice.com/game.php?id=1870679"]
[Date "2026.3.19"]
[Round "1"]
[White "maurice916"]
[Black "marcoswerneck"]
[Result "0-1"]
[WhiteElo "1841"]
[BlackElo "1842"]

1. Nf3 d6 2. d4 d5 3. Bf4 h6 4. h3 e6 5. e3 a6 6. Nbd2 Nc6 7. c3 Nf6 8. Bd3 Bd6
9. Bxd6 Qxd6 10. O-O g5 11. Nh2 h5 12. e4 dxe4 13. Nxe4 Nxe4 14. Bxe4 f5 15. Bd3
Bd7 16. Re1 O-O-O 17. Be2 g4 18. h4 Ne7 19. Bc4 Ng6 20. g3 f4 21. Bf1 fxg3 22.
fxg3 Qxg3+ 23. Bg2 Bc6 24. Qe2 Nf4 25. Qf2 Nh3+ 26. Kh1 Nxf2+ 27. Kg1 Qxg2# 0-1

[Event "AUTO-ADV-4928"]
[Site "http://www.queenalice.com/game.php?id=1871501"]
[Date "2026.4.5"]
[Round "1"]
[White "marcoswerneck"]
[Black "game"]
[Result "1-0"]
[WhiteElo "1855"]
[BlackElo "1650"]

1. e4 c6 2. d4 d5 3. e5 e6 4. a3 Be7 5. Nf3 b5 6. Bd3 f6 7. Be3 f5 8. Bf4 Nh6 9.
h3 Qb6 10. Nbd2 Qa5 11. O-O Ba6 12. b4 Qb6 13. Nb3 O-O 14. Nc5 Qd8 15. Nxe6 Qb6
16. Nxf8 Bxf8 17. Bxh6 gxh6 18. Bxf5 Qb7 19. e6 c5 20. dxc5 Bg7 21. Rb1 Nc6 22.
Qxd5 Rd8 23. e7+ Rxd5 24. e8=Q+ Bf8 25. Be6+ Kg7 26. Bxd5 Qe7 27. Qxc6 Qd8 28.
Be6 1-0

[Event "AUTO-ADV-4928"]
[Site "http://www.queenalice.com/game.php?id=1871502"]
[Date "2026.4.5"]
[Round "1"]
[White "game"]
[Black "marcoswerneck"]
[Result "0-1"]
[WhiteElo "1637"]
[BlackElo "1863"]

1. e4 e5 2. Nf3 d6 3. Bc4 h6 4. O-O g5 5. d4 g4 6. dxe5 gxf3 7. Qxf3 Be6 8. Bb3
Bxb3 9. axb3 dxe5 10. Rd1 Bd6 11. Nc3 Qd7 12. Qg3 f6 13. Nd5 Nc6 14. Rd3 O-O-O
15. c4 Nd4 16. b4 Ne2+ 17. Kh1 Nxg3+ 18. Rxg3 Bxb4 19. Be3 Qc6 20. Nxb4 Qxc4 21.
Nd5 Qxe4 22. Nc3 Qc2 23. h4 Qxb2 24. Rc1 Ne7 25. Ne4 Nd5 26. Rg7 Kb8 27. Rg1
Nxe3 28. fxe3 Qe2 29. Nxf6 Qxe3 30. Kh2 Qf4+ 31. g3 Qxf6 32. Rg4 a6 33. Rc1 Rd2+
34. Kh3 Qf2 35. Rg7 h5 0-1

[Event "AUTO-ADV-4928"]
[Site "http://www.queenalice.com/game.php?id=1871503"]
[Date "2026.4.5"]
[Round "1"]
[White "marcoswerneck"]
[Black "chessman"]
[Result "0-1"]
[WhiteElo "1875"]
[BlackElo "1977"]

1. e4 e6 2. e5 d5 3. d4 c5 4. Nf3 cxd4 5. Nxd4 Bd7 6. Bd3 Nc6 7. Nf3 Qc7 8. a3
Nxe5 9. O-O Nxd3 10. Qxd3 Nf6 11. b4 Be7 12. Bg5 a6 13. Nbd2 Rc8 14. Rfe1 Qxc2
15. Qxc2 Rxc2 16. Rac1 Rxc1 17. Rxc1 Kd8 18. Ne5 Ke8 19. Nxd7 Kxd7 20. Bxf6 Bxf6
21. Nf3 Rc8 22. Rxc8 Kxc8 23. Kf1 Kd7 24. g3 Kd6 25. Nd2 e5 26. f3 b6 27. Nb3
Kc6 28. Ke2 Be7 29. Kd3 f6 30. Nd2 Kb5 31. Kc3 a5 32. Kb3 axb4 33. a4+ Ka5 34.
h3 b5 35. axb5 Kxb5 36. h4 Bc5 37. Kc2 Be3 38. Nb3 d4 39. h5 Kc4 40. Na5+ Kd5
41. Nb3 Bf2 42. g4 e4 43. fxe4+ Kxe4 0-1

[Event "AUTO-ADV-4928"]
[Site "http://www.queenalice.com/game.php?id=1871504"]
[Date "2026.4.5"]
[Round "1"]
[White "chessman"]
[Black "marcoswerneck"]
[Result "1-0"]
[WhiteElo "2019"]
[BlackElo "1870"]

1. e4 e5 2. Nf3 d6 3. d4 Be7 4. dxe5 Bg4 5. exd6 Bxd6 6. Bd3 Qf6 7. Be2 Bxf3 8.
Bxf3 Be5 9. c3 Nd7 10. O-O O-O-O 11. Be3 h6 12. Qa4 a6 13. Na3 g5 14. Rfd1 Qe6
15. c4 g4 16. Be2 h5 17. Bd4 Ngf6 18. Qc2 Bxd4 19. Rxd4 Kb8 20. Rad1 h4 21. c5
g3 22. fxg3 h3 23. c6 hxg2 24. Bf3 Rxh2 25. Bxg2 Rhh8 26. cxd7 Nxd7 27. Qb3 Qh6
28. Rxd7 Kc8 29. Rxd8+ 1-0

[Event "AUTO-ADV-4928"]
[Site "http://www.queenalice.com/game.php?id=1871505"]
[Date "2026.4.5"]
[Round "1"]
[White "marcoswerneck"]
[Black "Fischercat"]
[Result "0-1"]
[WhiteElo "1836"]
[BlackElo "1955"]

1. e4 e5 2. d3 d6 3. h3 Be6 4. Nf3 Nc6 5. Be2 Nd4 6. Nxd4 exd4 7. Nd2 Nf6 8. Nf3
c5 9. Bf4 Be7 10. Qd2 O-O 11. g4 b5 12. g5 Nh5 13. h4 Qd7 14. g6 fxg6 15. Bh6
gxh6 16. Qxh6 Bf6 17. O-O-O Bg4 18. Rhg1 Bxf3 19. Bxf3 Qg7 20. Qd2 Bxh4 21. Bxh5
Rxf2 22. Be2 Qf7 23. Kb1 Rf8 24. Rh1 Qf6 25. Rde1 Qf4 26. Qxf4 R2xf4 27. Reg1
Bf2 28. Rg2 Be3 29. a3 Rf2 30. Rxf2 Rxf2 31. Bg4 Rg2 32. Be6+ Kg7 33. Bd7 Rg1+
34. Rxg1 Bxg1 35. Bxb5 Be3 36. c4 g5 37. Bd7 h5 38. Kc2 Kf6 39. Kd1 Ke5 40. Ke1
Kf4 41. Kf1 Kf3 42. b4 cxb4 43. axb4 g4 44. c5 dxc5 45. bxc5 Bf4 46. Kg1 h4 47.
c6 h3 48. Kh1 h2 49. e5 Bxe5 50. Bxg4+ Kxg4 51. Kg2 a5 52. c7 Bxc7 53. Kh1 a4
54. Kg2 a3 55. Kh1 a2 56. Kg2 Bf4 57. Kh1 a1=Q+ 58. Kg2 Qg1# 0-1

[Event "AUTO-ADV-4928"]
[Site "http://www.queenalice.com/game.php?id=1871506"]
[Date "2026.4.5"]
[Round "1"]
[White "Fischercat"]
[Black "marcoswerneck"]
[Result "1-0"]
[WhiteElo "1936"]
[BlackElo "1889"]

1. d4 d5 2. h3 e6 3. Nf3 Nc6 4. a3 h6 5. Nc3 a6 6. Ne5 Nxe5 7. dxe5 Ne7 8. Bf4
Nc6 9. e3 Bd7 10. Bd3 d4 11. exd4 Nxd4 12. Ne2 Nc6 13. O-O g5 14. Be3 Bg7 15. c3
Nxe5 16. Bc2 Nc6 17. Ng3 Qe7 18. Re1 e5 19. b4 b5 20. Nf5 Bxf5 21. Bxf5 e4 22.
Qd5 Qd6 23. Qxe4+ Be5 24. f4 gxf4 25. Bxf4 f6 26. Rad1 Qe7 27. Qxc6+ 1-0